[Event "USA-ch Juniors 2018"]
[Site "Saint Louis"]
[Date "2018.07.12"]
[Round "1"]
[White "Burke, John Michael"]
[Black "Brattain, Mika"]
[Result "1/2-1/2"]
[WhiteElo "2608"]
[BlackElo "2399"]
[Annotator "TA"]
[PlyCount "114"]
[EventDate "2018.07.12"]
[EventType "tourn"]
[EventCountry "USA"]
[SourceTitle "playchess.com"]
[Source "ChessBase"]
[SourceQuality "1"]

{[%evp 29,114,0,15,0,0,0,0,0,0,0,15,0,0,0,14,-22,0,-11,0,-13,0,-100,-44,-86,-83,-127,-128,-134,-124,-208,-206,-192,-64,-69,-70,-86,-86,-87,-85,-85,-85,-85,-82,-88,-81,-92,-93,-115,-102,-145,-73,-73,-73,-73,-62,-175,-153,-192,-69,-73,-61,-68,-66,-70,-70,-63,-25,-85,-72,-84,-56,-64,0,0,0,0,0,0,0,0,0,0,0,0,0,0,0]} 1. e4 c5 2. Nf3 d6 3. d4 Nf6 4. Nc3 cxd4 5. Nxd4 a6 6. Bg5 e6 7. f4 Be7 8. Qf3 Qc7 9. O-O-O Nbd7 10. g4 {[%cal Bg2g4,Bg4g5][%mdl 32]} b5 11. Bxf6 Nxf6 12. g5 Nd7 13. f5 O-O {B99: Sicilian Najdorf: 6 Bg5 e6 7 f4 Be7 8 Qf3 Qc7 9 0-0-0 Nbd7} 14. h4 b4 15. Nce2 Bb7 {LiveBook: 3 Games} 16. Bg2 (16. Kb1 Rac8 17. Bh3 e5 18. f6 exd4 19. fxe7 Rfe8 20. Nxd4 Rxe7 21. Nf5 Rxe4 22. Nxd6 Rd4 23. Qxf7+ Kh8 24. Nxc8 {1-0 (24) Sutovsky,E (2683)-Huschenbeth,N (2596) Douglas 2017}) 16... e5 {[#]} 17. f6 $1 {[%cal Rf6e7][%mdl 512]} Bxf6 (17... gxf6 18. Nf5) 18. Nf5 $1 ({Much worse is} 18. gxf6 Nxf6 19. Qd3 exd4 $17) 18... Bd8 19. Nxd6 Nc5 $146 ({Predecessor:} 19... Bc6 20. Ng3 Nc5 21. Ngf5 {1-0 (56) Petrov,M (2392)-Bolz,J (2277) GER email 2015}) 20. Nxb7 Nxb7 $40 {[%mdl 128] White needs to defend precisely.} 21. Rd5 Be7 (21... Rc8 {with more complications.} 22. Qd3 Nc5 23. Qc4 Qb6 24. Kb1 Rc6) 22. Qd3 {Black must now prevent Rd7.} (22. Kb1 {is interesting.} Nd6 23. Ng3 g6 24. Nf1 Nc4 25. Ne3) 22... Nc5 23. Qc4 Rad8 24. Rhd1 Rxd5 25. Rxd5 (25. exd5 $11 {keeps the balance.} Qd6 26. Ng3) 25... Rd8 (25... Qc8 $1 $17 {[%cal Rc8g4]} 26. Ng3 (26. Rxe5 Qc7 $17) 26... g6) 26. Ng3 g6 $1 27. Nf1 Rxd5 $1 28. Qxd5 Ne6 29. Qd2 (29. Bh3 $17 Nf4 30. Qd7 Qxd7 31. Bxd7) 29... Qc5 $19 {aiming for ...Qg1.} 30. Qe3 {[#]} h6 $1 {[%mdl 512]} 31. Qxc5 $1 $15 (31. gxh6 Nd4) 31... Nxc5 {[%mdl 4096] Endgame KBN-KBN} 32. Ne3 hxg5 33. Nd5 Kf8 34. hxg5 Bxg5+ 35. Kd1 a5 36. c3 bxc3 37. Nxc3 Bd8 38. Ke2 Ke7 39. a3 {[#]} Ne6 ({Black should play} 39... a4 $1 40. Kf3 Ba5) 40. Nd5+ $17 Kd6 41. b4 f5 42. exf5 ({Better is} 42. bxa5 $15 Bxa5 43. Ne3) 42... gxf5 $19 {Strongly threatening ...e4.} 43. Kd3 {[#]} axb4 (43... Ng5 $1 $19 44. Bh1 e4+ 45. Kd4 Ne6+ 46. Kc4 Ke5 47. bxa5 Bxa5) 44. axb4 $15 Ng5 45. Nc3 $1 Bb6 46. Nb5+ Ke6 {Threatens to win with ...e4+.} 47. Nc3 Bd4 48. Ne2 (48. Kc4 $1 $11) 48... Bf2 {Hoping for ...e4+.} 49. Nc3 Be1 50. b5 Kd6 (50... Bf2 $1 $15) 51. b6 $11 {The position is equal.} Bxc3 (51... Bf2 {feels hotter.} 52. b7 Kc7 53. Nb5+ Kb8 54. Nd6 e4+) 52. Kxc3 {KB-KN} f4 53. b7 Kc7 54. Kd3 Nf7 55. Kc4 Nd8 56. Kd5 Nc6 57. b8=Q+ Nxb8 {Precision: White = 50%, Black = 48%.} 1/2-1/2

[Event "USA-ch Juniors 2018"]
[Site "Saint Louis"]
[Date "2018.07.12"]
[Round "1"]
[White "Tang, Andrew"]
[Black "Liang, Awonder"]
[Result "1/2-1/2"]
[WhiteElo "2507"]
[BlackElo "2569"]
[Annotator "TA"]
[PlyCount "60"]
[EventDate "2018.07.12"]
[EventType "tourn"]
[EventCountry "USA"]
[SourceTitle "playchess.com"]
[Source "ChessBase"]
[SourceQuality "1"]

{[%evp 18,60,4,0,8,7,0,-14,-16,0,0,-6,-2,-2,0,0,0,0,0,0,14,3,15,3,10,6,7,6,39,0,7,0,0,0,0,0,0,0,0,0,0,0,0,0,0]} 1. d4 Nf6 2. Nf3 e6 3. Bf4 d5 4. e3 Bd6 5. Nbd2 O-O 6. Bd3 {D02: 1 d4 d5 2 Nf3 sidelines, including 2...Nf6 3 g3 and 2...Nf6 3 Bf4} Bxf4 (6... c5 7. c3 Nc6 8. Bg3 b6 9. e4 Be7 10. e5 Nh5 11. Nf1 cxd4 12. Nxd4 Nxd4 13. cxd4 g6 14. Ne3 f5 15. exf6 Bxf6 16. Be2 Nxg3 17. hxg3 {½-½ (37) Nakamura,H (2787)-Svidler,P (2760) Moscow 2018}) 7. exf4 b6 8. Qe2 c5 9. c3 Qd6 10. g3 {LiveBook: 3 Games} a5 11. O-O Ba6 12. Rfe1 Bxd3 13. Qxd3 Nc6 {[%cal Bb8c6,Bc6d8,Bd8e6][%mdl 32]} 14. f5 exf5 15. Qxf5 $146 ({Predecessor:} 15. dxc5 bxc5 16. Qxf5 {1-0 (56) Papadopoulos,P (2179)-Djordjevic,V (2337) Belgrade 2017}) 15... cxd4 16. cxd4 g6 17. Qd3 Rac8 {Threatens to win with ...Nb4.} 18. a3 Nd8 19. Rac1 Ne6 20. Nb1 Ne4 21. Nc3 Nxc3 22. Rxc3 Rc7 23. Rec1 Rfc8 {The position is equal.} 24. Ne5 Kg7 25. h4 h5 26. Kf1 Rxc3 27. Rxc3 Rxc3 28. Qxc3 f6 29. Nf3 Qd7 30. Kg2 Nd8 {Precision: White = 56%, Black = 68%.} 1/2-1/2

[Event "USA-ch Juniors 2018"]
[Site "Saint Louis"]
[Date "2018.07.12"]
[Round "1"]
[White "Chandra, Akshat"]
[Black "Bian, Alex"]
[Result "0-1"]
[WhiteElo "2486"]
[BlackElo "2291"]
[Annotator "TA"]
[PlyCount "116"]
[EventDate "2018.07.12"]
[EventType "tourn"]
[EventCountry "USA"]
[SourceTitle "playchess.com"]
[Source "ChessBase"]
[SourceQuality "1"]

{[%evp 28,116,30,30,60,50,31,14,37,34,36,34,108,104,102,99,111,107,97,60,61,41,154,14,15,22,13,16,151,146,214,103,109,110,106,104,117,124,121,120,178,172,172,172,165,145,145,8,16,0,0,0,0,0,41,58,81,0,114,115,214,166,506,47,200,200,200,200,2083,711,1423,639,547,0,0,0,512,0,8,-29973,-29974,-29972,-29973,-29973,-29974,-29978,-29979,-29976,-29977,-29977,-29978]} 1. Nf3 c5 2. c4 Nc6 3. Nc3 e5 4. g3 g6 5. Bg2 Bg7 6. O-O d6 7. a3 a5 8. Ne1 {[%cal Bf3e1,Be1c2,Bc2e3,Be3c4][%mdl 32]} Be6 9. d3 Nge7 10. Nc2 d5 11. cxd5 {A37: Symmetrical English vs ...g6: 4 Bg2 Bg7 5 Nf3} Nxd5 12. Ne3 Nde7 (12... Nb6 13. Nc4 O-O 14. Bxc6 bxc6 15. Nxb6 Qxb6 16. Be3 Qxb2 17. Na4 Qb3 18. Nxc5 Qxd1 19. Rfxd1 {½-½ (46) Adams,M (2748)-Caruana,F (2823) London 2016}) 13. Nc4 O-O 14. Bg5 f6 15. Be3 {LiveBook: 47 Games} Nd4 16. Bxb7 Rb8 17. Bf3 f5 18. Rb1 Qc7 $146 ({Predecessor:} 18... Nec6 19. Bxc6 Nxc6 20. Bxc5 {1-0 (50) Horvath,D (2368)-Brozel,S (2112) Montevideo 2017}) 19. Bg2 Nec6 (19... Nb3 $14) 20. Qa4 $16 f4 21. Bxd4 Nxd4 22. Qxa5 Qe7 23. b4 e4 24. Bxe4 ({But not} 24. Qxc5 Qxc5 25. bxc5 exd3 $17) (24. Nxe4 Nxe2+ 25. Kh1 f3 $17) (24. bxc5 f3 $17) 24... f3 (24... fxg3 $14 25. hxg3 Bxc4) 25. e3 (25. Qxc5 $2 Qxc5 26. bxc5 Nxe2+ 27. Nxe2 fxe2 $19) (25. exf3 $16 Nxf3+ 26. Bxf3 Bxc3 27. Bg2 (27. Qxc5 Qxc5 28. bxc5 Rxb1 $11)) 25... Ne2+ $11 26. Nxe2 fxe2 27. Rfc1 {And now b5 would win.} cxb4 (27... Bc3 $1 $11 {remains equal.} 28. Nb6 (28. Rxc3 Qf6 $11) 28... cxb4) 28. axb4 $16 Bc3 (28... e1=R+ $16 29. Rxe1 Bxc4) 29. Qa2 (29. Rxc3 $18 {and White stays clearly on top.} Qf6 30. Bf5 Bxf5 31. Qe5) 29... e1=Q+ 30. Rxe1 Bxe1 31. Rxe1 Rxb4 {aiming for ...Bxc4.} 32. Qa3 Rfb8 33. Ne5 {Threatens to win with Nc6.} Qf6 (33... Qf8 $16 {keeps fighting.} 34. d4 Rb2 35. Qxf8+ Rxf8) 34. d4 $18 Rb2 35. Nd3 $1 {[%cal Rd3b2]} R2b3 36. Qd6 Rb1 37. d5 (37. Bd5 $16 R1b6 38. Bxe6+ Qxe6 39. Qxe6+ Rxe6 40. Kg2) 37... R8b6 $11 38. Qc5 Bh3 {( -> ...Rxe1+)} 39. Bg2 Rxe1+ 40. Nxe1 Rb2 41. e4 Bd7 {[#]} 42. Qe3 (42. Bf1 $1 $16) 42... Qa6 (42... Rb1 $11 43. Bf1 Qa1) 43. h4 $16 Qa4 (43... Qb6 $16) 44. Nf3 Bb5 $2 (44... Qd1+ {is more resistant.} 45. Kh2 Qc2) 45. Nd4 $2 (45. Ng5 $18 Be8 46. Bh3 Rb1+ 47. Kh2) 45... Qd1+ $2 (45... Qa1+ $1 $14 46. Kh2 Qa2) 46. Kh2 $18 Bf1 {White must now prevent ...Bxg2.} 47. Bf3 Qb1 $2 (47... Qd3 48. Qxd3 Bxd3) 48. d6 (48. Bg4 $142 Qd3 49. Be6+ Kg7 {[#]} 50. Nf5+ $1 {[%mdl 512]} Kh8 51. Qc5 Rxf2+ 52. Qxf2) 48... Bb5 49. Bg2 (49. Bg4 $142 Bc4 50. d7) 49... Qa2 50. Kg1 ({Worse is} 50. Nxb5 Rxf2 51. Nd4 Rxg2+ 52. Kh3 h5 $11) 50... Rb1+ 51. Kh2 Rb2 $1 52. Nxb5 $2 (52. Qg5 $18 Rxf2 53. Qxb5 Rxg2+ 54. Kh3) 52... Rxf2 $11 53. Nc3 $2 {[%mdl 8192]} (53. Nd4 $11 Rxg2+ 54. Kh3) 53... Rxg2+ {Black mates.} 54. Kh3 Rh2+ 55. Kg4 Qe6+ 56. Kg5 Qe5+ 57. Kg4 h5+ 58. Kf3 Qf6+ {Precision: White = 29%, Black = 30%.} 0-1

[Event "USA-ch Juniors 2018"]
[Site "Saint Louis"]
[Date "2018.07.12"]
[Round "1"]
[White "Patel, Advait"]
[Black "Wang, Annie"]
[Result "1-0"]
[WhiteElo "2461"]
[BlackElo "2299"]
[Annotator "TA"]
[PlyCount "115"]
[EventDate "2018.07.12"]
[EventType "tourn"]
[EventCountry "USA"]
[SourceTitle "playchess.com"]
[Source "ChessBase"]
[SourceQuality "1"]

{[%evp 20,115,0,-4,55,52,54,48,65,64,81,82,100,46,146,46,170,162,248,144,167,169,154,158,151,120,116,93,85,64,43,48,46,12,108,87,106,116,189,156,143,49,109,0,101,0,0,-48,-37,-58,-72,-59,0,-242,-109,-86,0,-5,0,-25,149,93,103,99,125,0,0,0,0,0,0,0,0,0,0,0,0,0,0,0,0,0,0,0,554,544,577,530,12835,12834,12843,12843,12845,12845,29985,12845,12845,12846]} 1. Nf3 e6 2. g3 Nf6 3. Bg2 d5 4. O-O Be7 5. d3 c5 6. Nbd2 b6 7. e4 Bb7 8. Re1 Nc6 9. c3 h6 10. Qe2 Qc7 11. a3 {LiveBook: 35 Games} d4 $146 {C00: French: Unusual White 2nd moves} (11... dxe4 $11 12. Nxe4 Nxe4 13. Qxe4 Rd8) ({Predecessor:} 11... O-O-O 12. b4 c4 13. dxc4 dxe4 14. Nxe4 Nxe4 15. Qxe4 Nxb4 16. Qxb7+ Qxb7 17. axb4 Qc7 18. Bf4 Bd6 19. Be3 Rd7 20. Nd2 {0-1 (52) Ter Sahakyan,S (2593)-Vidit,S (2643) Martuni 2015}) 12. cxd4 $14 cxd4 13. b4 e5 {White is slightly better.} 14. Bb2 O-O 15. Rac1 b5 16. Nb3 (16. Nxd4 $1 $16 exd4 17. e5) 16... Qb6 {[#]} ({Better is} 16... Qb8 $1 $14) 17. Nh4 (17. Rxc6 $1 $16 {[%mdl 512]} Qxc6 18. Nxe5) 17... Nd7 (17... Rfd8 $14) 18. Nf5 $18 Bg5 {[#]} (18... Bf6 $142 19. Qg4 Rfd8 20. Nxh6+ Kf8) 19. Rc2 (19. f4 $1 $18 {[%cal Rf4g5][%mdl 512]} exf4 20. Rxc6 $1 {[%mdl 512]} Bxc6 21. gxf4 (21. Bxd4 Qa6 $18)) 19... Ne7 20. h4 Nxf5 21. hxg5 (21. exf5 $6 Bxg2 22. Kxg2 Bf6 $11) 21... Ne7 22. gxh6 Qxh6 23. Nc5 Bc8 24. Nxd7 Bxd7 25. Rc5 Qd6 26. Qh5 Ng6 (26... f6 $11) 27. f4 $16 {Strongly threatening Rd5.} exf4 28. e5 Qe7 (28... Qe6 $16) 29. Bxa8 (29. Bxd4 $6 Rac8 $14) 29... Rxa8 30. Bxd4 (30. e6 $16 Bxe6 31. Re4 (31. Bxd4 Qd7 $14) (31. Rxb5 Qd7 $16)) 30... fxg3 (30... Be6 $14) 31. Be3 (31. Qf3 $16 Rd8 32. Qxg3) 31... Re8 (31... a5 $1 $11 {remains equal.}) 32. d4 ({White has to play} 32. Kg2 $1 $16) 32... Qe6 $11 33. Rc2 Bc6 {[%mdl 1024] Black has compensation.} 34. Rc5 Ba8 35. Bc1 a6 (35... Rd8 $15 36. Be3 Re8) 36. Re2 $2 {[#]} (36. Rc3 $11) 36... Rd8 (36... Qd7 $1 $19 37. d5 Bxd5) 37. Rec2 $17 {[%cal Be2c2,Bc2c3,Bc3g3][%mdl 32]} Be4 ({Black should try} 37... Bb7 $17 38. Be3 Qb3) 38. R2c3 $1 $11 Qd7 39. d5 Re8 $2 (39... Bxd5 $11 40. Rxg3 Be6) 40. e6 ({Reject} 40. Rxg3 $6 Rxe5 41. Qg4 Bf5 $11) (40. d6 $142) 40... fxe6 $16 41. Rxg3 Qf7 {[#] aiming for ...Rf8.} 42. d6 (42. dxe6 $1 $16 Qxe6 43. Qg4) 42... Rf8 $11 {[%csl Gf8][%cal Rf7f2]} 43. Qe2 Qf6 $1 44. Qxe4 Qf2+ 45. Kh1 Qxg3 {[%cal Rf8f1]} 46. Qxe6+ Rf7 47. Rc8+ Kh7 {[%cal Rf7f1]} 48. Qxf7 $40 {[%csl Gc8][%cal Rf7g8][%mdl 128] Black needs to defend precisely.} Qh3+ 49. Kg1 {[%csl Gc8][%cal Rf7g8]} Qxc8 50. Bb2 {[%csl Gb2][%cal Rf7g7]} Qg4+ 51. Kf2 {[%csl Gb2][%cal Rf7g7]} Nf4 $2 {[%mdl 8192]} (51... Qh4+ $1 $11 52. Kf3 Qh3+ 53. Ke4 Qg2+ 54. Qf3 Qc2+ 55. Qd3 Qxb2 56. Qh3+ Kg8 57. Qe6+ Kf8 58. Qc8+ Kf7 59. Qd7+ Kg8 60. Qe6+ Kh7 61. Qh3+ Kg8 62. Qe6+) 52. d7 $18 Qg2+ 53. Ke3 {And now Qf5+ would win.} Nd5+ 54. Kd3 Qg3+ 55. Kc2 {Intending Qh5+ and mate.} Qg2+ 56. Kb1 {White threatens Qh5+ and mate.} Qe4+ 57. Ka2 (57. Ka1 $142 Qe7 58. Qh5+ Kg8 59. Qxd5+ Kh7 60. Qh5+ Kg8 61. Qe8+ Qf8 62. d8=Q) 57... Qc4+ 58. Ka1 {Precision: White = 45%, Black = 22%.} 1-0

[Event "USA-ch Juniors 2018"]
[Site "Saint Louis"]
[Date "2018.07.12"]
[Round "1"]
[White "Balakrishnan, Praveen"]
[Black "Li, Ruifeng"]
[Result "1/2-1/2"]
[WhiteElo "2411"]
[BlackElo "2583"]
[Annotator "TA"]
[PlyCount "80"]
[EventDate "2018.07.12"]
[EventType "tourn"]
[EventCountry "USA"]
[SourceTitle "playchess.com"]
[Source "ChessBase"]
[SourceQuality "1"]

{[%evp 21,80,0,0,0,0,12,10,13,9,-8,-11,-32,-22,-40,0,-49,-49,-49,-55,-60,-46,-50,-52,-60,-54,-66,-53,-49,-38,-43,-25,-47,-12,-12,0,0,0,-8,-6,-16,0,0,0,0,39,36,44,26,24,38,27,37,60,8,8,8,31,0,0,0,28]} 1. e4 e5 2. Nf3 Nc6 3. d4 exd4 4. Nxd4 Bc5 5. Nxc6 Qf6 6. Qf3 bxc6 7. Nd2 {C45: Scotch Game} (7. Nc3 d6 8. Qg3 h5 9. h4 Bd4 10. Bg5 Qe5 11. Qxe5+ Bxe5 12. O-O-O Bxc3 13. bxc3 Be6 14. Rd4 f6 {½-½ (71) Nepomniachtchi,I (2751)-Le,Q (2739) Saint Louis 2017}) 7... d6 8. Nb3 Bb6 9. a4 a5 10. Bd2 Qxf3 11. gxf3 Ne7 {LiveBook: 58 Games} 12. Rg1 O-O 13. Be3 Bxe3 14. fxe3 f5 15. Bc4+ $146 (15. e5 $5) 15... Kh8 16. exf5 Nxf5 17. Kf2 Bb7 18. Rad1 c5 19. Bd5 Bxd5 20. Rxd5 Rab8 21. Rg4 Ne7 22. Rd1 Nc6 23. Re4 g6 24. Rb1 Kg7 25. Nd2 Rf6 26. b3 d5 27. Rg4 Nb4 28. c3 Na2 29. Ra1 Nxc3 {White should prevent ...h5.} 30. Rc1 h5 31. Rg5 $1 Rxb3 32. Rxd5 $1 Ra3 33. Rxc5 Ra2 34. Rxc7+ Kh6 $1 35. R1xc3 Rxd2+ $11 {KRR-KRR} 36. Kg3 {And now h4 would win.} h4+ $1 37. Kxh4 ({Better is} 37. Kg4 $1 $14) 37... Rxf3 38. Kg4 Rff2 39. R3c5 Rg2+ 40. Kf4 Rdf2+ {Precision: White = 49%, Black = 56%.} 1/2-1/2

[Event "USA-ch Juniors 2018"]
[Site "Saint Louis"]
[Date "2018.07.13"]
[Round "2"]
[White "Li, Ruifeng"]
[Black "Wang, Annie"]
[Result "0-1"]
[WhiteElo "2583"]
[BlackElo "2299"]
[Annotator "TA"]
[PlyCount "68"]
[EventDate "2018.07.12"]
[EventType "tourn"]
[EventCountry "USA"]
[SourceTitle "playchess.com"]
[Source "ChessBase"]
[SourceQuality "1"]

{[%evp 19,68,10,15,18,41,43,43,19,27,29,28,6,31,20,4,10,11,7,12,-77,0,0,0,-18,19,14,32,28,54,22,71,71,79,81,75,75,83,74,100,106,112,105,95,16,12,0,0,-390,-384,-384,-383]} 1. b3 d5 2. Bb2 c5 3. Nf3 Nf6 4. e3 Nc6 5. d4 e6 6. Bd3 Bd6 7. O-O O-O 8. Nbd2 cxd4 9. exd4 Nb4 10. Be2 Ne4 {LiveBook: 3 Games. D05: Colle System with ...e6} (10... b6 11. Ne5 Bb7 12. a3 Nc6 13. Bd3 Rc8 14. Re1 Ne7 15. Qe2 Ng6 16. g3 b5 17. Rac1 a6 18. b4 Bxe5 19. dxe5 {1-0 (61) So,W (2815)-Carlsen,M (2832) chess.com INT 2017}) 11. c4 Bd7 12. a3 Nc6 {White is slightly better.} 13. Nxe4 $146 ({Predecessor:} 13. c5 Bc7 14. b4 Rc8 15. Nb3 a6 16. Nc1 Qe8 17. Re1 f5 18. Nd3 {½-½ (46) Hookham,H-Charlick,H Adelaide 1887}) 13... dxe4 14. Ne5 Be8 15. Qc2 f6 16. Nxc6 Bxc6 17. d5 exd5 18. cxd5 Bxd5 19. Rad1 (19. Bc4 $11 {keeps the balance.} Bxc4 20. Qxc4+ Kh8 21. Qxe4) 19... Bf7 (19... Rc8 $17 20. Qb1 Be6) 20. Qxe4 $11 Re8 21. Qg4 Qe7 (21... Bxb3 {looks sharper.} 22. Bc4+ Bxc4 23. Qxc4+ Kh8 24. Qd5 Bf8) 22. Bb5 Red8 23. Rde1 Be5 24. b4 Qd6 25. Bxe5 fxe5 26. Re3 Rac8 {[%cal Ba8c8,Bc8c2,Bc2c1][%mdl 32]} 27. Rfe1 $40 {[%mdl 128] White goes for the king.} a6 28. Bf1 Rc2 29. Rxe5 h6 30. g3 b5 31. Bg2 (31. Qf5 $16 Bg6 32. Qg4) 31... Qd2 32. Qf3 Rc1 33. Qe3 $2 {[%mdl 8192] [#]} (33. Rf1 $1 $11 {and White is okay.}) 33... Qxe3 34. R5xe3 Rdd1 {Precision: White = 55%, Black = 37%.} 0-1

[Event "USA-ch Juniors 2018"]
[Site "Saint Louis"]
[Date "2018.07.13"]
[Round "2"]
[White "Liang, Awonder"]
[Black "Burke, John Michael"]
[Result "1/2-1/2"]
[WhiteElo "2569"]
[BlackElo "2608"]
[Annotator "TA"]
[PlyCount "104"]
[EventDate "2018.07.12"]
[EventType "tourn"]
[EventCountry "USA"]
[SourceTitle "playchess.com"]
[Source "ChessBase"]
[SourceQuality "1"]

{[%evp 17,104,14,19,0,32,30,29,31,39,0,0,0,0,0,0,0,6,0,7,0,0,6,6,0,12,15,18,9,19,1,7,7,7,8,2,2,7,7,14,14,14,0,0,0,81,73,47,0,26,27,42,31,53,9,48,28,28,34,63,61,60,0,0,0,0,0,0,0,0,0,0,0,0,0,0,0,0,0,0,0,0,0,0,0,0,0,0,0,0]} 1. d4 Nf6 2. c4 e6 3. Nf3 d5 4. Nc3 Be7 5. Qc2 O-O 6. Bg5 h6 7. Bh4 c5 8. dxc5 {D53: Queen's Gambit Declined: 4 Bg5 Be7: Early deviations} Na6 9. e3 Nxc5 {LiveBook: 12 Games} 10. Be2 (10. cxd5 Nxd5 11. Bxe7 Qxe7 12. Nxd5 exd5 13. Be2 Bg4 14. O-O Rac8 15. Rad1 Rfd8 16. Nd4 Ne6 17. Qd3 Nxd4 18. Bxg4 Ne6 19. Qb3 Rc4 20. Bf3 Rb4 {½-½ (43) Giri,A (2755)-Kramnik,V (2808) Moscow 2016}) 10... Nce4 $146 ({Predecessor:} 10... dxc4 11. Bxc4 a6 12. a4 b6 13. O-O Nfd7 14. Bg3 Bb7 15. Nd4 Nf6 16. Rfd1 Qc8 {½-½ (33) Gritsak,O (2516)-Jakubowski,K (2544) Poronin 2014}) 11. Nxe4 Nxe4 12. Bxe7 Qxe7 13. cxd5 Qb4+ 14. Nd2 exd5 15. a3 Qb6 16. Nxe4 dxe4 17. O-O Bf5 18. b4 Rac8 19. Qb2 Rfd8 20. Rfd1 Qf6 21. Qxf6 gxf6 22. g4 Be6 23. Kg2 Rxd1 24. Rxd1 $11 {[%mdl 4096] Endgame KRB-KRB} Rc2 25. Rd8+ Kg7 26. Bd1 Ra2 27. a4 f5 28. gxf5 Bxf5 29. a5 Be6 30. Rb8 Rd2 {[#]} (30... Bd5 $11) 31. Ba4 $1 $16 Ra2 32. Bd1 Rd2 33. Bh5 Rd5 34. Be2 Rd7 35. b5 Bd5 36. Kg3 Rc7 37. Rd8 Be6 38. Ra8 $1 {[%cal Ra8a7]} b6 39. axb6 (39. a6 $1 $14) 39... axb6 $11 {The position is equal.} 40. Rb8 Rc2 41. Bf1 Rc1 $1 {[%cal Rc1f1]} 42. Bh3 {aiming for Bxe6.} Rg1+ 43. Kh4 Bxh3 44. Kxh3 {KR-KR} Rg6 45. Re8 Rg5 46. Rxe4 {[#] Threatens to win with Rg4.} Rxb5 47. Kg2 Rb1 48. Re8 b5 {[%cal Bb6b5,Bb5b4,Bb4b3,Bb3b2][%mdl 32]} 49. Rb8 b4 50. h4 b3 51. Rb6 f6 52. e4 b2 {Precision: White = 56%, Black = 71%.} 1/2-1/2

[Event "USA-ch Juniors 2018"]
[Site "Saint Louis"]
[Date "2018.07.13"]
[Round "2"]
[White "Balakrishnan, Praveen"]
[Black "Chandra, Akshat"]
[Result "1/2-1/2"]
[WhiteElo "2411"]
[BlackElo "2486"]
[Annotator "TA"]
[PlyCount "88"]
[EventDate "2018.07.12"]
[EventType "tourn"]
[EventCountry "USA"]
[SourceTitle "playchess.com"]
[Source "ChessBase"]
[SourceQuality "1"]

{[%evp 27,88,58,48,43,62,40,80,39,37,0,0,-35,-36,-66,-45,-42,-48,-60,-29,-72,-64,-44,-54,-60,-47,-59,0,-49,0,0,20,-142,58,59,66,0,0,0,0,0,0,0,0,0,0,-139,0,0,0,0,16,0,0,0,0,0,0,0,0,0,0,0,0]} 1. d4 Nf6 2. c4 e6 3. g3 c5 4. d5 exd5 5. cxd5 d6 6. Nc3 g6 7. Bg2 Bg7 8. Nf3 O-O 9. O-O Re8 10. Bf4 a6 11. a4 b6 {A62: Modern Benoni: Fianchetto Variation without early ...Nbd7} 12. Re1 Nh5 13. Bg5 Qc7 14. e4 Nd7 {LiveBook: 3 Games} 15. h3 h6 16. Bd2 Ra7 $146 {[%cal Ba8a7,Ba7b7,Bb7b8][%mdl 32]} ({Predecessor:} 16... Rb8 17. g4 Nhf6 18. Bf4 h5 19. g5 Nh7 {0-1 (49) Kislik,E (2345)-Matsenko,S (2458) Pardubice 2013}) 17. Nh4 Nhf6 18. f4 c4 19. Qe2 Rb7 20. Kh2 b5 21. axb5 axb5 22. Qf1 Rb8 23. Na2 Nc5 {[%cal Rc5e4]} 24. e5 $1 {[%cal Re5f6]} dxe5 25. fxe5 Nh5 26. d6 Qd8 ({Black should play} 26... Qd7 $15 27. Nf3 Nd3) 27. Nf3 Nd3 {[%cal Rd3e5]} 28. Nb4 $1 {[%cal Rb4d3]} Nxe5 29. Ra7 $2 (29. Nxe5 $11 Bxe5 30. Rxe5 $1 {[%mdl 512]} Rxe5 31. Nc6 Qxd6 32. Ra7) 29... Bd7 $2 (29... Qxd6 $17 30. Nxe5 Bf5) 30. Nxe5 $14 Rxe5 31. Nc6 (31. Nd5 $14 Be8 32. Ba5 Qxd6 33. Bc7) 31... Rxe1 $11 32. Bxe1 Bxc6 $1 33. Qxf7+ Kh7 $1 34. Bxc6 {Black must now prevent Qe7.} Qxd6 35. Be4 Rf8 36. Qd5 {[#]} (36. Bxg6+ $11 {remains equal.} Kh8 37. Rd7) 36... Qxd5 (36... Qf6 $1 $17 37. Qxb5 Qd4 38. Rxg7+ Nxg7) 37. Bxd5 {The position is equal.} Kh8 38. Rb7 Nf6 39. Bg2 Re8 40. Bc3 Nh5 41. Bxg7+ Nxg7 42. Rxb5 Re2 43. g4 Ne6 {aiming for ...Nf4.} 44. Kg3 c3 {Precision: White = 47%, Black = 63%.} 1/2-1/2